000 00360nam a22001337a 4500
005 20171204110652.0
008 171204b xxu||||| |||| 00| 0 eng d
040 _cPK-LaUMT
082 _aPKAC 131.3
_bPHI-
245 _aMy philosophy of life: a symposium/
_cHon. Lord Inman(Edited)
260 _aLondon:
_bOdhams press,
_c1958
300 _a189p.
942 _cBK
999 _c100425
_d100425